000 04249namaa22004331i 4500
003 OSt
005 20260701123230.0
008 250827s2024 ua a|||frm||| 000 0 eng d
040 _aEG-GICUC
_bara
_cEG-GICUC
_dEG-GICUC
_erda
041 0 _aara
_bara
_beng
049 _aإيداع
082 0 4 _a181.112
092 _a181.112
_221
097 _aمــــاجستير
099 _aCai01.02.09.M.A.2024.يم.ت
100 0 _a،يمنى صبري محمود
_eإعداد.
245 1 0 _aتأثير كونفوشيوس والكونفوشيوسية في المجتمع الصيني :
_bدراسة ثقافية /
_cإعداد يمنى صبري محمود؛ إشراف أ.د/ رحاب محمود أحمد صبح، أ.د/مصطفي النشار، أ.د/ خوا جين.
246 1 5 _aThe effect of confucius and confucianism in the chinese society :
_bCultural study /
264 0 _c2024.
300 _a171 صفحة :
_bإيضاحيات ؛
_c25 سم. +
_eCD.
336 _atext
_2rda content
337 _aUnmediated
_2rdamedia
338 _avolume
_2rdacarrier
502 _aأطروحة (ماجستير)-جامعة القاهرة، 2024.
504 _aببليوجرافيا: صفحات 128-133.
520 _a يسلط البحث الضوء علي الفلسفة الصينية، حيث أن الفلسفة الصينية لها دور مهم وكبير علي الحضارة الصينية والثقافة الصينية، كما إنه يسلط الضوء علي كونفوشيوس والتعاليم الكونفوشيوسية، لان كونفوشيوس هو المعلم والمفكر والفيلسوف الحكيم في الصين، وكذلك الأفكار الكونفوشيوسية التي احتلت المكانه الفكرية في المجتمع الإقطاعي الصيني علي مدار ألفي عام تقريبا، ولذلك فهي ترسخت وانسجمت في كل حياة المجتمع الصيني تقريبا ، ومازالت حتي الان لها تأثير عميق في مجالات معينة، حتي إنها وصلت إلي بلاد أخري وأحدثت تأثيرا. وينقسم البحث إلي ثلاثة فصول والخاتمة ، ففي الفصل الاول تكلمت عن الفلسفة الصينية وجوهرها وخصائصها ومراحل تطورها، وفي الفصل الثاني تكلمت عن حياة كونفوشيوس وتعاليمه ومكانته في المجتمع الصيني، وفي الفصل الثالث تكلمت عن مراحل تطور الكونفوشيوسية وتأثيرها الحالي والافكار المعارضة لها وتأثيرها في البلاد الاخري.
520 _aThis research focuses on Chinese philosophy, Chinese philosophy has an important role on Chinese culture. It also focuses on Confucius and Confucianism teachings.The research is divided into three chapters and the conclusion. In the first chapter, I talked about Chinese philosophy, its essence, characteristics, and stages of development. In the second chapter, I talked about the life of Confucius, his teachings, and his place in Chinese society. In the third chapter, I talked about the stages of development of Confucianism, its current influence, the ideas opposing it, and its influence in other countries.
530 _aصدر أيضًا كقرص مدمج.
546 _aالنص بالعربية والملخص باللغة الإنجليزية والعربية.
650 7 _aالفلسفة الكونفوشية
_2qrmak
653 0 _aالفلسفة الصينية
_aمراحل الفلسفة الصينية
_aتأثير كونفوشيوس
700 0 _aرحاب محمود أحمد صبح
_eمشرف أطروحة.
700 0 _aمصطفي النشار
_eمشرف أطروحة.
700 0 _aخوا جين
_eمشرف أطروحة.
900 _b04-01-2024
_cرحاب محمود أحمد صبح
_cمصطفي النشار
_cخوا جين
_Uجامعة القاهرة
_Fكلية الآداب
_Dقسم اللغة الصينية
905 _aSara
942 _2ddc
_cTH
_e21
_n0
999 _c180677